000 01877cam a22005534i 4500
003 PE-LiUPU
005 20250731170438.0
008 150625s1992 pe a r 000 0 spa d
035 _a(Sirsi) a36025
040 _aPE-LiUPU
_bspa
_cPE-LiUPU
_dPE-LiUPU
_erda
049 _aPRUA
082 0 4 _a150.63
_bE56
_221
111 2 _aEncuentro de psicólogos y orientadores en educación superior.
245 1 0 _a1º Encuentro de psicólogos y orientadores en educación superior.
264 1 _aLima :
_bUniversidad de Lima; Oficina de Bienestar Universitario,
_c1992.
300 _a122 páginas :
_bilustraciones ;
_c21 centímetros
336 _atext
_2rdacontent
337 _aunmediated
_2rdamedia
338 _avolume
_2rdacarrier
500 _aDel 3 al 4 de Abril.
505 0 _aModelos de servicios psicopedagógicos -- Terapia, y aconseja miento y orientación -- Usos y abusos de las pruebas psicológicas -- Problemas especiales y ética en la práctica profesional.
526 _aSEG68
526 _aSEG70
526 _aSEG69
526 _aSEG67
526 _aSEG43
526 _aP144
526 _aP143
526 _aP131
526 _aP122
526 _aP120
526 _aP117
526 _aP112
526 _aP110
526 _aP106
526 _aP101
526 _aP80
526 _aP59
526 _aP54
526 _aP35
526 _aP33
526 _aP30
611 _aEncuentro de psicólogos y orientadores en educación superior
_n1°.
_d1992
_cLima, Perú.
650 2 4 _aOrientación psicopedagógica
_xCongresos.
_96305
942 _2ddc
_cBK
949 _a150.63 E56
_wDEWEY
_c1
_i53975
_lCCODEBUL1
_mBUL
_p6.00
_r0
_sY
_tBOOK
_u2015-06-25
_xBIBLIOTECA
_zUNKNOWN
_0COMPRA
_o.STAFF. Colección Ciencias de la Salud
980 _81
_gALBERTO SANCHEZ Responsable de Automatización
999 _c44053
_d44053